| 000 | 01112nam a2200337 i 4500 | ||
|---|---|---|---|
| 001 | 000016949 | ||
| 003 | DO-SdBNP | ||
| 005 | 20251120133559.0 | ||
| 007 | ta | ||
| 008 | 100312s1992 dr 000 0 spa d | ||
| 040 |
_aDO-SdBNP _bspa _cBNPHU _erda |
||
| 041 | _aspa | ||
| 082 | 4 |
_a379.7293 _bR426si _222 |
|
| 110 | 1 |
_aRepública Dominicana. _bSecretaría de Estado de Educación, Bellas Artes y Cultos. _bPlan Decenal de Educación _937470 |
|
| 245 | 1 | 0 | _aSíntesis del Plan Decenal de Educación. |
| 264 |
_aSanto Domingo : _bDe Colores, _c1992. |
||
| 300 |
_a493 páginas ; _c26 cm. |
||
| 336 |
_atexto _btxt _2rdacontent |
||
| 337 |
_asin mediación _bn _2rdamedia |
||
| 338 |
_avolumen _bnc _2rdacarrier |
||
| 490 | 1 | _aSerie A | |
| 490 | 1 |
_aDocumento _v5 |
|
| 504 | _aBibliografía : página 483-494 | ||
| 590 | _aInventariado, 2018/MFF | ||
| 650 | 4 |
_aEducación y estado _951256 |
|
| 650 | 4 |
_aPlanificación educativa _917484 |
|
| 650 | 4 |
_aEducación _zRepública Dominicana _9737 |
|
| 830 | 0 |
_aSerie A _pDucumento _n5 _988818 |
|
| 910 | _aValidado. Control de calidad MMOLINA | ||
| 942 |
_2ddc _cLBS1 |
||
| 999 |
_c16481 _d16481 |
||